| 000 | 01106cam a22003377a 4500 | ||
|---|---|---|---|
| 999 |
_c7412 _d7412 |
||
| 001 | 14298637 | ||
| 003 | OSt | ||
| 005 | 20211029122958.0 | ||
| 008 | 060314s2004 ne ab b 001 0 eng d | ||
| 010 | _a 2006273069 | ||
| 020 | _a0444516913 (alk. paper) | ||
| 035 | _a(CStRLIN)CSUGA5735952-B | ||
| 035 | _a(CSt)(Sirsi)a5735952 | ||
| 040 |
_aUKM _cDDC _dOHX _dERE _dCtY _dDLC |
||
| 042 | _alccopycat | ||
| 043 | _aa------ | ||
| 050 | 0 | 0 |
_aQH179 _b.W48 2004 |
| 082 | 0 | 4 | _a551.41WET 2004 |
| 100 |
_aWong M. H.; _915175 |
||
| 245 | 0 | 0 |
_aWetlands ecosystems in Asia. _bFunction and Management. _cEdited by Wong M. H.; |
| 250 | _a1st ed. | ||
| 260 |
_aBoston. _bElsevier, _c2004. |
||
| 300 |
_axxiv,451p; _bill., maps ; _c25cm. |
||
| 440 | 0 |
_aDevelopments in ecosystems, _x1572-7785 ; _v1 _915176 |
|
| 504 | _aIncludes; bibliographical references and index. | ||
| 650 | 0 |
_aWetland ecology _915177 |
|
| 700 | 1 |
_aWong, M. H. _915178 |
|
| 906 |
_a7 _bcbc _ccopycat _d2 _encip _f20 _gy-gencatlg |
||
| 942 |
_2ddc _cO_SHELF |
||